000 00558nam a2200193Ia 4500
005 20250326141735.0
008 250326s9999 xx 000 0 und d
020 _a92-2-105563-9
037 _aTextbook
040 _aFMSL
_beng
_cFMSL
041 _aeng
_2eng
084 _aX9W M7;1
_qFMSL
100 _aPowell Victor
_9267920
245 0 _aImproving public enterprises performance : Concepts and techniques
_cPowell Victor
260 _aGeneva
_bGeneva, ILO
_c1987
300 _ax,226
942 _cTB
_hX9W M7;1
999 _c1291750
_d1291750